000
00248nam a2200097Ia 4500
008
230915s9999 xx 000 0 und d
050
_a
QA39.3.A47 2009
100
_a
GEOFFREY AKST
245
0
_a
BASIC MATHEMATICS THROUGH APPLICATIONS
942
_c
BK
999
_c
182566
_d
182566